[Event "Bialystok Zamenhof Memorial-C 35th"]
[Site "Bialystok"]
[Date "2017.12.30"]
[Round "7.13"]
[White "Kopec, Norbert"]
[Black "Wierzbicki, Michal"]
[Result "0-1"]
[WhiteElo "1686"]
[BlackElo "1846"]
[PlyCount "98"]
[EventDate "2017.12.27"]
[EventType "swiss"]
[EventRounds "9"]
[EventCountry "POL"]
[SourceTitle "EXT 2023"]
[Source "ChessBase"]
[SourceDate "2022.10.05"]
[SourceVersion "1"]
[SourceVersionDate "2022.10.05"]
[SourceQuality "1"]

1. e4 e6 2. d4 d5 3. exd5 exd5 4. Bd3 Bd6 5. Nf3 Ne7 6. 0-0 Bg4 7. c3 Nbc6 8. Nbd2 Qd7 9. b4 0-0 10. Qc2 Bf5 11. Nb3 b6 12. b5 Nd8 13. a4 Bxd3 14. Qxd3 Qf5 15. Qxf5 Nxf5 16. Ba3 f6 17. Rfc1 a6 18. bxa6 Rxa6 19. Bxd6 Nxd6 20. a5 N8f7 21. axb6 Rxa1 22. Nxa1 cxb6 23. Nd2 Rc8 24. Nab3 Ng5 25. f3 Ne6 26. g3 b5 27. Kf2 Kf7 28. Ke3 Nc4+ 29. Nxc4 dxc4 30. Nd2 Nc7 31. Ne4 Ra8 32. Rc2 Ke6 33. Rb2 Kd5 34. Nf2 Kc6 35. Nd1 Ra3 36. Kd2 Nd5 37. Rc2 Kb6 38. f4 f5 39. Rb2 b4 40. Rb1 Ra2+ 41. Ke1 b3 42. Rb2 Kb5 43. Kd2 Ka4 44. Kc1 Ka3 45. h3 Nxc3 46. Nxc3 Rxb2 47. Nb5+ Ka2 48. d5 Rc2+ 49. Kd1 b2 0-1

[Event "POL-ch U12"]
[Site "Suwalki"]
[Date "2015.04.13"]
[Round "8.11"]
[White "Musiala, Jakub"]
[Black "Kopec, Norbert"]
[Result "1/2-1/2"]
[WhiteElo "1548"]
[BlackElo "1415"]
[PlyCount "81"]
[EventDate "2015.04.08"]
[EventType "swiss"]
[EventRounds "9"]
[EventCountry "POL"]
[SourceTitle "EXT 2023"]
[Source "ChessBase"]
[SourceDate "2022.10.05"]
[SourceVersion "1"]
[SourceVersionDate "2022.10.05"]
[SourceQuality "1"]

1. e4 e5 2. Nf3 Nc6 3. Bc4 Bc5 4. d3 Nf6 5. c3 d6 6. Qe2 0-0 7. Nbd2 Bg4 8. Bb3 Re8 9. Nf1 d5 10. Ng3 Qd6 11. h3 Be6 12. Nh4 dxe4 13. dxe4 Bxb3 14. axb3 Nd7 15. Nhf5 Qg6 16. 0-0 Ne7 17. Be3 Nxf5 18. Nxf5 Bxe3 19. Qxe3 a6 20. Rfd1 Rad8 21. Rd2 Qf6 22. Rad1 Nb6 23. Qc5 Rxd2 24. Rxd2 g6 25. Ne3 Qe7 26. Qxe7 Rxe7 27. f3 Rd7 28. Rxd7 Nxd7 29. b4 Kf8 30. Kf2 Ke7 31. Nd5+ Kd6 32. b3 c6 33. Ne3 b5 34. Ke2 Nf6 35. Nf1 Nh5 36. g3 f5 37. Kd3 fxe4+ 38. fxe4 Ke6 39. Ke3 Ng7 40. Kf3 Ne8 41. Ke3 1/2-1/2

[Event "POL-ch U12"]
[Site "Suwalki"]
[Date "2015.04.10"]
[Round "4.22"]
[White "Tarkowski, Kacper"]
[Black "Kopec, Norbert"]
[Result "0-1"]
[WhiteElo "1470"]
[BlackElo "1415"]
[PlyCount "110"]
[EventDate "2015.04.08"]
[EventType "swiss"]
[EventRounds "9"]
[EventCountry "POL"]
[SourceTitle "EXT 2023"]
[Source "ChessBase"]
[SourceDate "2022.10.05"]
[SourceVersion "1"]
[SourceVersionDate "2022.10.05"]
[SourceQuality "1"]

1. e4 e5 2. Nf3 Nc6 3. d4 exd4 4. Nxd4 Bc5 5. Nb3 Bb6 6. Nc3 Nf6 7. Qe2 d6 8. h3 0-0 9. Bg5 Re8 10. 0-0-0 Be6 11. Kb1 Bxb3 12. axb3 Nd4 13. Qc4 Ne6 14. Bh4 Nf4 15. e5 Ng6 16. exf6 c6 17. Bd3 d5 18. Qg4 gxf6 19. Bxg6 fxg6 20. Qf3 Rf8 21. Rhe1 Qd6 22. Ne4 dxe4 23. Qxe4 Qc7 24. Qe6+ Rf7 25. Bxf6 Bxf2 26. Rf1 Bb6 27. Rd8+ Rxd8 28. Bxd8 Qd7 29. Qxf7+ Qxf7 30. Rxf7 Kxf7 31. Bxb6 axb6 32. Kc1 Kf6 33. Kd2 Kf5 34. Ke3 Ke5 35. c3 b5 36. b4 b6 37. b3 c5 38. g3 h6 39. g4 cxb4 40. cxb4 g5 41. Kf3 Kd4 42. Kg3 Kc3 43. Kf3 Kxb3 44. Ke4 Kxb4 45. Kf5 Kc5 46. Kg6 b4 47. Kxh6 b3 48. Kxg5 b2 49. h4 b1Q 50. h5 Qh7 51. h6 Kd6 52. Kh5 Ke6 53. g5 Kf5 54. Kh4 b5 55. Kg3 Kxg5 0-1

[Event "Sokolka op 5th"]
[Site "Sokolka"]
[Date "2014.07.16"]
[Round "9"]
[White "Kopec, Norbert"]
[Black "Ejsmont, Wieslaw"]
[Result "1-0"]
[WhiteElo "1307"]
[BlackElo "1544"]
[PlyCount "23"]
[EventDate "2014.07.08"]
[EventType "swiss"]
[EventRounds "9"]
[EventCountry "POL"]
[SourceTitle "CBM 161 Extra"]
[Source "ChessBase"]
[SourceDate "2014.08.29"]
[SourceVersion "1"]
[SourceVersionDate "2014.08.29"]
[SourceQuality "1"]

1. e4 e5 2. Nf3 d6 3. Bc4 h6 4. Nc3 Nf6 5. 0-0 Be7 6. d4 Bg4 7. dxe5 Bxf3 8. Qxf3 dxe5 9. Rd1 Nbd7 10. Nd5 0-0 11. Nxf6+ Bxf6 12. Qg4 1-0

[Event "Sokolka op 5th"]
[Site "Sokolka"]
[Date "2014.07.14"]
[Round "7"]
[White "Kotarski, Grzegorz"]
[Black "Kopec, Norbert"]
[Result "1-0"]
[WhiteElo "1460"]
[BlackElo "1307"]
[PlyCount "89"]
[EventDate "2014.07.08"]
[EventType "swiss"]
[EventRounds "9"]
[EventCountry "POL"]
[SourceTitle "CBM 161 Extra"]
[Source "ChessBase"]
[SourceDate "2014.08.29"]
[SourceVersion "1"]
[SourceVersionDate "2014.08.29"]
[SourceQuality "1"]

1. d4 d5 2. c4 c6 3. Nc3 Nf6 4. Bg5 e6 5. e3 dxc4 6. Bxc4 Nbd7 7. Nge2 Qc7 8. 0-0 Bd6 9. Bf4 0-0 10. Bb3 e5 11. dxe5 Bxe5 12. Rc1 a6 13. Qd3 Bxf4 14. Nxf4 Ne5 15. Qe2 b5 16. a4 bxa4 17. Bxa4 Bb7 18. Ncd5 Nxd5 19. Nxd5 Qd8 20. Nf4 Qf6 21. Nd3 Nxd3 22. Qxd3 Rfd8 23. Qe4 Rac8 24. Qb4 Rc7 25. Rc4 Rdc8 26. Rfc1 Qg6 27. Qc3 Qe6 28. Bb3 Qg6 29. Rf4 Rd8 30. Bc2 Qg5 31. h3 g6 32. Rg4 Qe7 33. h4 Rcd7 34. h5 Rd6 35. hxg6 hxg6 36. Rg3 Qf6 37. Qb4 Qe7 38. Qc4 Kg7 39. Bb3 R8d7 40. Rf3 f6 41. Qg8+ Kh6 42. Rh3+ Kg5 43. Rg3+ Kf5 44. Qxg6+ Ke5 45. f4# 1-0

[Event "Sokolka op 5th"]
[Site "Sokolka"]
[Date "2014.07.13"]
[Round "6"]
[White "Kopec, Norbert"]
[Black "Rusak, Jan"]
[Result "1/2-1/2"]
[WhiteElo "1307"]
[BlackElo "1484"]
[PlyCount "96"]
[EventDate "2014.07.08"]
[EventType "swiss"]
[EventRounds "9"]
[EventCountry "POL"]
[SourceTitle "CBM 161 Extra"]
[Source "ChessBase"]
[SourceDate "2014.08.29"]
[SourceVersion "1"]
[SourceVersionDate "2014.08.29"]
[SourceQuality "1"]

1. e4 e6 2. Nf3 c5 3. Nc3 Nc6 4. d4 cxd4 5. Nxd4 a6 6. Be2 Bb4 7. Nxc6 Bxc3+ 8. bxc3 bxc6 9. 0-0 d5 10. exd5 cxd5 11. c4 Ne7 12. Bb2 0-0 13. cxd5 Qxd5 14. Bf3 Qxd1 15. Rfxd1 Ra7 16. Rd2 Rd7 17. Rxd7 Bxd7 18. Ba3 Re8 19. Rd1 Nd5 20. c4 Ba4 21. Rc1 Ne7 22. Bxe7 Rxe7 23. Rb1 f6 24. Kf1 Bc2 25. Rb6 a5 26. Ke1 Kf7 27. Ra6 Rc7 28. Be2 Rc5 29. Ra7+ Kg6 30. Kd2 Bb1 31. Bd3+ Bxd3 32. Kxd3 e5 33. Rb7 f5 34. Rb5 e4+ 35. Kd4 Rc8 36. Rxa5 Rd8+ 37. Ke3 Kf6 38. a4 Rd3+ 39. Ke2 g5 40. Rb5 Rc3 41. c5 f4 42. a5 Rc2+ 43. Ke1 Ke6 44. a6 Ra2 45. Rb6+ Kd7 46. Rh6 Ra1+ 47. Kd2 Ra2+ 48. Ke1 Ra1+ 1/2-1/2

[Event "Sokolka op 5th"]
[Site "Sokolka"]
[Date "2014.07.09"]
[Round "2"]
[White "Kopec, Norbert"]
[Black "Vasiliauskas, Domas"]
[Result "0-1"]
[WhiteElo "1307"]
[BlackElo "1505"]
[PlyCount "60"]
[EventDate "2014.07.08"]
[EventType "swiss"]
[EventRounds "9"]
[EventCountry "POL"]
[SourceTitle "CBM 161 Extra"]
[Source "ChessBase"]
[SourceDate "2014.08.29"]
[SourceVersion "1"]
[SourceVersionDate "2014.08.29"]
[SourceQuality "1"]

1. e4 c5 2. Nf3 d6 3. Nc3 Nf6 4. d4 cxd4 5. Nxd4 Nc6 6. Bb5 Bd7 7. 0-0 e6 8. Bg5 Be7 9. f4 a6 10. Bc4 b5 11. Bb3 Qb6 12. e5 Nxd4 13. exf6 Nxb3+ 14. Kh1 gxf6 15. Bh4 Nxa1 16. Qxa1 f5 17. Bf2 Qb7 18. Qd1 Rg8 19. Rg1 Bc6 20. Qf1 Rg6 21. Ne2 Kd7 22. Bg3 d5 23. Qe1 Bc5 24. Bf2 d4 25. Ng3 Rg4 26. Qd2 Ke7 27. Bxd4 Bxd4 28. Qxd4 Rd8 29. Qe3 Bxg2+ 30. Rxg2 Rd1+ 0-1

[Event "Bialystok-ch U18"]
[Site "Bialystok"]
[Date "2014.01.27"]
[Round "1"]
[White "Chilkiewicz, Piotr"]
[Black "Kopec, Norbert"]
[Result "1-0"]
[WhiteElo "1571"]
[BlackElo "1329"]
[PlyCount "101"]
[EventDate "2014.01.27"]
[EventType "swiss"]
[EventRounds "9"]
[EventCountry "POL"]
[SourceTitle "EXT 2016"]
[Source "ChessBase"]
[SourceDate "2015.10.08"]
[SourceVersion "1"]
[SourceVersionDate "2015.10.08"]
[SourceQuality "1"]

1. e4 e5 2. Nf3 Nc6 3. Bc4 Nf6 4. Ng5 d5 5. exd5 Na5 6. d3 h6 7. Nf3 e4 8. Qe2 Nxc4 9. dxc4 Bg4 10. h3 Bxf3 11. gxf3 Qe7 12. fxe4 Qxe4 13. Qxe4+ Nxe4 14. Nd2 Nxd2 15. Bxd2 0-0-0 16. 0-0-0 Be7 17. Bc3 Rhe8 18. Bxg7 Bg5+ 19. Kb1 f6 20. h4 Rd7 21. hxg5 Rxg7 22. gxh6 Rh7 23. Rdg1 Kd7 24. Rg7+ Rxg7 25. hxg7 Rg8 26. Rg1 Ke7 27. Kc1 Kf7 28. Kd2 Rxg7 29. Rxg7+ Kxg7 30. Ke3 Kg6 31. Kf4 Kf7 32. Kf5 Ke7 33. c5 a6 34. a4 a5 35. c3 b5 36. cxb6 cxb6 37. b4 axb4 38. cxb4 Kd6 39. a5 Kxd5 40. a6 Kc6 41. b5+ Kc7 42. Kxf6 Kb8 43. Ke7 Kc7 44. f4 Kb8 45. f5 Ka7 46. f6 Kb8 47. f7 Ka7 48. Kd6 Kb8 49. f8Q+ Ka7 50. Qe7+ Kb8 51. Qb7# 1-0

[Event "Bialystok Spring qual"]
[Site "Bialystok"]
[Date "2014.??.??"]
[Round "6"]
[White "Kopec, Norbert"]
[Black "Matejczyk, Jakub"]
[Result "0-1"]
[WhiteElo "1329"]
[BlackElo "1276"]
[PlyCount "56"]
[EventDate "2014.04.??"]
[EventType "swiss"]
[EventRounds "9"]
[EventCountry "POL"]
[SourceTitle "EXT 2016"]
[Source "ChessBase"]
[SourceDate "2015.10.08"]
[SourceVersion "1"]
[SourceVersionDate "2015.10.08"]
[SourceQuality "1"]

1. e4 e5 2. Nf3 Nc6 3. Bc4 Nf6 4. Nc3 Nxe4 5. Bxf7+ Kxf7 6. Nxe4 d5 7. Neg5+ Ke8 8. d3 h6 9. Nh3 Bg4 10. Nhg1 Qf6 11. h3 Be6 12. Ne2 Bc5 13. Nc3 Rd8 14. Bd2 g5 15. Na4 Bd6 16. Nh2 Rf8 17. Qf3 Qe7 18. Qe2 Nd4 19. Qd1 Qf7 20. f3 e4 21. dxe4 Bg3+ 22. Kf1 dxe4 23. b3 exf3 24. gxf3 Bxh3+ 25. Kg1 Qe6 26. Nc5 Ne2+ 27. Qxe2 Qxe2 28. Ne4 Qg2# 0-1

[Event "Bialystok Elo op-A"]
[Site "Bialystok"]
[Date "2014.??.??"]
[Round "3"]
[White "Kopec, Norbert"]
[Black "Sadowski, Filip"]
[Result "1/2-1/2"]
[WhiteElo "1329"]
[BlackElo "1071"]
[PlyCount "120"]
[EventDate "2014.??.??"]
[EventType "swiss"]
[EventRounds "7"]
[EventCountry "POL"]
[SourceTitle "EXT 2016"]
[Source "ChessBase"]
[SourceDate "2015.10.08"]
[SourceVersion "1"]
[SourceVersionDate "2015.10.08"]
[SourceQuality "1"]

1. e4 e6 2. d4 d5 3. exd5 exd5 4. Nc3 Nf6 5. Nf3 Nc6 6. Bb5 Bd7 7. Bg5 a6 8. Ba4 b5 9. Bb3 Be6 10. Bxf6 Qxf6 11. Nxd5 Bxd5 12. Bxd5 Qd6 13. Bxc6+ Qxc6 14. 0-0 Be7 15. Re1 Qd6 16. Qe2 Rd8 17. Rad1 Rd7 18. Ne5 Rd8 19. Qf3 0-0 20. Nc6 Rd7 21. Nxe7+ Rxe7 22. Rxe7 Qxe7 23. Qc6 Re8 24. h3 Qe6 25. d5 Qxc6 26. dxc6 Kf8 27. Rd5 Re1+ 28. Kh2 Re6 29. Rc5 Ke7 30. Kg3 Kd6 31. b4 a5 32. a3 axb4 33. axb4 Re4 34. Rxb5 Kxc6 35. Rc5+ Kd6 36. c4 c6 37. Kf3 Re1 38. Rf5 f6 39. c5+ Ke6 40. Rf4 Ke5 41. Rg4 g5 42. g3 h5 43. Rc4 f5 44. Kg2 Rb1 45. f4+ gxf4 46. Rxf4 Rb2+ 47. Kf1 Rb1+ 48. Ke2 Rb2+ 49. Kd1 Rb3 50. Rh4 Rxg3 51. Rxh5 Rb3 52. Rh6 Rxb4 53. Rxc6 Kd5 54. Rc8 Rc4 55. Ke2 Rxc5 56. Rxc5+ Kxc5 57. Kf3 Kd6 58. Kf4 Ke6 59. h4 Kf6 60. h5 Kg7 1/2-1/2

[Event "Bialystok Spring qual"]
[Site "Bialystok"]
[Date "2014.??.??"]
[Round "8"]
[White "Kopec, Norbert"]
[Black "Sadowski, Filip"]
[Result "1-0"]
[WhiteElo "1329"]
[BlackElo "1105"]
[PlyCount "113"]
[EventDate "2014.04.??"]
[EventType "swiss"]
[EventRounds "9"]
[EventCountry "POL"]
[SourceTitle "EXT 2016"]
[Source "ChessBase"]
[SourceDate "2015.10.08"]
[SourceVersion "1"]
[SourceVersionDate "2015.10.08"]
[SourceQuality "1"]

1. e4 e6 2. d4 d5 3. e5 c5 4. Nf3 Nc6 5. Nc3 c4 6. Be2 Bb4 7. Bd2 Nge7 8. Nb5 Bxd2+ 9. Qxd2 Nf5 10. 0-0 a6 11. Nc3 0-0 12. b3 Na5 13. bxc4 dxc4 14. Ne4 b5 15. c3 Bb7 16. Nc5 Bd5 17. Rfe1 Nb7 18. Nxb7 Bxb7 19. Qc2 Bd5 20. a4 Qd7 21. axb5 axb5 22. Nd2 Qc6 23. Bf3 Nh4 24. Bxd5 Qxd5 25. Qe4 Qxe4 26. Nxe4 h6 27. h3 Ng6 28. g3 Ne7 29. Reb1 Rxa1 30. Rxa1 Rb8 31. Ra7 Kf8 32. Nc5 Ke8 33. Ne4 Nc8 34. Rc7 Kf8 35. Kf1 Ra8 36. Ke2 Rb8 37. Kd2 Ke8 38. Kc2 Kf8 39. Kb2 Ke8 40. Ka3 Kf8 41. Kb4 Ke8 42. Rxc8+ Rxc8 43. Nd6+ Kd7 44. Nxc8 Kxc8 45. Kxb5 Kc7 46. Kxc4 Kc6 47. Kb4 Kb6 48. c4 Kc6 49. Ka5 f6 50. f4 f5 51. g4 g6 52. gxf5 g5 53. fxg5 exf5 54. gxh6 f4 55. h7 f3 56. h8Q f2 57. Qf6+ 1-0

[Event "Bialystok Elo op-A"]
[Site "Bialystok"]
[Date "2014.??.??"]
[Round "5"]
[White "Kopec, Norbert"]
[Black "Sadowski, Michal"]
[Result "1/2-1/2"]
[WhiteElo "1329"]
[BlackElo "1278"]
[PlyCount "54"]
[EventDate "2014.??.??"]
[EventType "swiss"]
[EventRounds "7"]
[EventCountry "POL"]
[SourceTitle "EXT 2016"]
[Source "ChessBase"]
[SourceDate "2015.10.08"]
[SourceVersion "1"]
[SourceVersionDate "2015.10.08"]
[SourceQuality "1"]

1. e4 e6 2. Nf3 d5 3. exd5 exd5 4. d4 c5 5. c4 Nf6 6. Nc3 Be6 7. Bg5 Qa5 8. Bxf6 gxf6 9. cxd5 Bxd5 10. dxc5 Bc6 11. Bc4 Qxc5 12. Qe2+ Be7 13. Bb5 a6 14. Bxc6+ Nxc6 15. Qe3 Qxe3+ 16. fxe3 Bb4 17. 0-0-0 Bxc3 18. bxc3 Rc8 19. Rhe1 Ne5 20. Nxe5 fxe5 21. Rd5 f6 22. Kb2 Ke7 23. Red1 Rhd8 24. Kc2 b5 25. g4 h6 26. Kb3 Rxd5 27. Rxd5 Ke6 1/2-1/2

[Event "Bialystok Zamenhof Memorial"]
[Site "Bialystok"]
[Date "2013.12.29"]
[Round "7"]
[White "Kopec, Norbert"]
[Black "Frejlich, Robert"]
[Result "1-0"]
[WhiteElo "1308"]
[BlackElo "1499"]
[PlyCount "85"]
[EventDate "2013.12.27"]
[EventType "swiss"]
[EventRounds "9"]
[EventCountry "POL"]
[SourceTitle "EXT 2016"]
[Source "ChessBase"]
[SourceDate "2015.10.08"]
[SourceVersion "1"]
[SourceVersionDate "2015.10.08"]
[SourceQuality "1"]

1. e4 e5 2. Nf3 Nc6 3. Bc4 Bc5 4. d3 d6 5. Nc3 Nf6 6. 0-0 Bg4 7. Be3 Nd4 8. Bxd4 Bxd4 9. Rb1 0-0 10. h3 Be6 11. Bb3 Bb6 12. Re1 c5 13. Ne2 Rc8 14. Ng5 Bxb3 15. axb3 Nd7 16. Nf3 f5 17. exf5 Rxf5 18. Ng3 Rf8 19. Qe2 Nf6 20. Ng5 Qe7 21. Rf1 Rce8 22. N3e4 h6 23. Nf3 Nxe4 24. Qxe4 d5 25. Qe2 e4 26. Nd2 exd3 27. Qxd3 Qf7 28. Nf3 c4 29. bxc4 dxc4 30. Qc3 Qf4 31. Rbd1 Rd8 32. Rxd8 Rxd8 33. Qb4 Kh7 34. Qe7 Rd2 35. Nxd2 Qxd2 36. Qe4+ Kh8 37. Qxc4 Bd4 38. c3 Bb6 39. b4 Kh7 40. Qe4+ Kh8 41. Qe1 Qf4 42. Kh1 Kh7 43. f3 1-0